000 00666nam a2200241Ia 4500
003 OSt
005 20221005101723.0
006 a|||||r|||| 00| 0
007 ta
008 221004b |||||||| |||| 00| 0 mal d
024 _a54845
037 _cTextual
040 _aCRL
_cCRL
_bmal
041 _2mal
_amal
082 _aO32,1M77,3, J8
100 _aAiyar S.Parameswara
_9622572
245 0 _aPingala
260 _aTrivandrum
_bUllur Publishers India
_c1958
650 _a MALAYALAM POETRY
_9185636
650 _aMALAYALAM LITERATURE
_938866
942 _hO32,1M77,3, J8
_cTEXL
_2cc
999 _c1007305
_d1007305